Venezuela y Colombia

Uloženo v:
Podrobná bibliografie
Hlavní autor: Bernstein, Harry (Autor)
Médium: Kniha
Jazyk:španělština
Vydáno: Ciudad de México Diana 1967
Edice:Moderna, 90
Témata:
Tagy: Přidat tag
Žádné tagy, Buďte první, kdo vytvoří štítek k tomuto záznamu!

MARC

LEADER 00000nam a2200000 a 4500
001 UCT6899
003 CL-VaPUC
008 970113e19670000MX |||||||||||||||||spa|d
082 0 4 |a 320.87  |b BER  |2 21 
100 0 |a Bernstein, Harry  |e author  |9 377272 
245 1 0 |a Venezuela y Colombia 
300 |a 187 p 
942 |c BK 
945 |d 19970113 00:00:00  |a paguirre 
260 |a Ciudad de México  |b Diana  |c 1967 
650 0 |a Política  |9 255312 
650 0 |a Historia  |9 255047 
650 7 |a POLITICA INTERNA  |2 CL-VaPUC  |9 342443 
650 0 |a Gobierno   |9 255508 
650 0 |a Partidos políticos  |9 254999 
651 0 |a Venezuela  |9 254993 
651 0 |a Colombia  |9 256424 
583 |a last modification  |c 19970113 00:00:00  |k Rodrigo Vera 
490 0 |a Moderna, 90 
999 |c 255569  |d 255567 
952 |0 0  |1 0  |4 0  |6 320_870000000000000_BER_1967  |7 0  |8 A  |9 277855  |a BIBDER  |b BIBDER  |d 2019-11-19  |i 1803867  |o 320.87 BER 1967  |p 1803867  |r 2023-01-25  |w 2019-11-19  |y BK  |k DER